[Event "17th Puhajarve Rapid"]
[Site "Puhajarve EST"]
[Date "2016.11.26"]
[Round "19.1"]
[White "Blomqvist,E"]
[Black "Shirov,A"]
[Result "0-1"]
[WhiteElo "2567"]
[BlackElo "2673"]

1.Nf3 d5 2.d4 Nf6 3.Bf4 c5 4.e3 cxd4 5.exd4 Nc6 6.Nbd2 Bf5 7.c3 e6 8.Qb3 Bd6
9.Qxb7 Bxf4 10.Qxc6+ Kf8 11.Be2 g6 12.g3 Bd6 13.O-O Kg7 14.c4 dxc4 15.Nxc4 Be7
16.Ne3 Be4 17.Qa4 Qb6 18.b3 Rac8 19.Ne5 Rhd8 20.Rfd1 Nd5 21.Nxd5 Bxd5 22.Bf3 Qb7
23.Bxd5 Rxd5 24.Rac1 Rxc1 25.Rxc1 Bf6 26.Nc6 a6 27.Qc4 Qb6 28.Rd1 Rd6 29.Rc1 Bxd4
30.Nxd4 Rxd4 31.Qc3 e5 32.Re1 Qd6 33.Qa5 Rd5 34.Qc3 Rc5 35.Qe3 Rd5 36.h4 h5
37.Qc3 a5 38.a3 f6 39.b4 Rd3 40.Qb2 a4 41.Rc1 Rb3 42.Qa1 Qd2 43.Rc7+ Kh6
44.Qf1 Rxa3 45.Qc4 Qd1+ 46.Kg2 Qf3+  0-1

[Event "17th Puhajarve Rapid"]
[Site "Puhajarve EST"]
[Date "2016.11.26"]
[Round "23.3"]
[White "Petursson,Mar"]
[Black "Shirov,A"]
[Result "1/2-1/2"]
[WhiteElo "2513"]
[BlackElo "2673"]

1.c4 c6 2.e4 d5 3.exd5 cxd5 4.cxd5 Nf6 5.Bb5+ Nbd7 6.Nc3 g6 7.Nf3 Bg7 8.O-O O-O
9.Bc4 Nb6 10.Bb3 Nfxd5 11.d4 Be6 12.Bg5 h6 13.Bh4 Rc8 14.Rc1 Nf4 15.Bg3 Bxb3
16.Qxb3 Ne6 17.Rfd1 Nxd4 18.Nxd4 Bxd4 19.Be5 Bxe5 20.Rxd8 Rfxd8 21.Re1 Bxc3
22.bxc3 Rd7 23.g3 e6 24.a4 Rdc7 25.a5 Nd5 26.c4 Rxc4 27.Qxb7 R8c7 28.Qb8+ Kg7
29.Rb1 Ra4 30.Rb5 Rac4 31.Rb7 Rxb7 32.Qxb7 Rc7 33.Qb8 h5 34.h4 Rd7 35.Qe5+ Nf6
36.a6 Rd5 37.Qc7 Rd7 38.Qe5 Rd5  1/2-1/2

[Event "17th Puhajarve Rapid"]
[Site "Puhajarve EST"]
[Date "2016.11.26"]
[Round "24.5"]
[White "Shirov,A"]
[Black "Leito,P"]
[Result "1-0"]
[WhiteElo "2673"]
[BlackElo "2333"]

1.e4 c5 2.Nf3 e6 3.d4 cxd4 4.Nxd4 Nc6 5.Nc3 d6 6.g4 Nxd4 7.Qxd4 Ne7 8.Be3 Nc6
9.Qd2 a6 10.f4 Qc7 11.Bg2 Bd7 12.O-O Be7 13.g5 Rc8 14.Nd1 O-O 15.Nf2 Rfe8
16.Ng4 Bf8 17.Qf2 Kh8 18.Qh4 d5 19.Rf3 Qd8 20.Rh3 h6 21.Qh5 g6 22.Qh4 h5
23.Nf6 Bg7 24.Bf3  1-0

[Event "17th Puhajarve Rapid"]
[Site "Puhajarve EST"]
[Date "2016.11.26"]
[Round "25.1"]
[White "Reizniece,D"]
[Black "Shirov,A"]
[Result "0-1"]
[WhiteElo "2291"]
[BlackElo "2673"]

1.c4 e6 2.Nf3 d5 3.b3 Nf6 4.g3 d4 5.Bg2 c5 6.O-O Nc6 7.e3 e5 8.exd4 exd4
9.Re1+ Be7 10.d3 O-O 11.Ne5 Nxe5 12.Rxe5 Bd6 13.Re1 Bg4 14.f3 Bf5 15.g4 Be6
16.Nd2 Qc7 17.Nf1 Rae8 18.Bg5 Nd7 19.Bh4 f5 20.g5 Ne5 21.f4 Ng6 22.Bg3 Bf7
23.Qf3 Nxf4 24.Bxf4 Bxf4 25.h4 b6 26.Kf2 h6 27.gxh6 Bxh6 28.Bh3 Be3+ 29.Kg2 f4
30.Nh2 Re5 31.Bg4 Qe7 32.h5 Qh4 33.Rh1 Rg5 34.Kf1 Re8 35.Re1 Bxh5 36.Bxh5 Rxh5
37.Re2 Qh3+ 38.Qxh3 Rxh3 39.Kg2 Rg3+ 40.Kf1 f3 41.Nxf3 Rxf3+ 42.Kg2 Rf5 43.Rh3 Ref8  0-1

[Event "17th Puhajarve Rapid"]
[Site "Puhajarve EST"]
[Date "2016.11.26"]
[Round "27.3"]
[White "Beliavsky,A"]
[Black "Shirov,A"]
[Result "0-1"]
[WhiteElo "2605"]
[BlackElo "2673"]

1.d4 d5 2.c4 c6 3.Nf3 Nf6 4.g3 g6 5.Bg2 Bg7 6.O-O O-O 7.cxd5 cxd5 8.Nc3 b6
9.Bf4 Bb7 10.Qc1 Nc6 11.Bh6 Rc8 12.Qf4 Na5 13.Bxg7 Kxg7 14.Rac1 Nc4 15.b3 Nd6
16.Ne5 e6 17.h4 Qe7 18.g4 h6 19.g5 hxg5 20.hxg5 Nh5 21.Qd2 Nf5 22.Nb5 Ba6
23.a4 Bxb5 24.axb5 Qa3 25.Nc6 Qxb3 26.Nxa7 Rxc1 27.Rxc1 Qa4 28.Nc6 Qxb5 29.Ne5 Qa6
30.e3 Rc8 31.Bf1 Rxc1 32.Qxc1 Qb7 33.Be2 Qe7 34.Bxh5 gxh5 35.f4 Qb4 36.Kf2 Qb3
37.g6 Qa2+ 38.Ke1 Ng3  0-1

[Event "17th Puhajarve Rapid"]
[Site "Puhajarve EST"]
[Date "2016.11.27"]
[Round "33.1"]
[White "Puusepp,Kaimar"]
[Black "Shirov,A"]
[Result "1/2-1/2"]
[WhiteElo "1981"]
[BlackElo "2673"]

1.Nf3 d5 2.c4 d4 3.b4 a5 4.Bb2 axb4 5.Nxd4 Nf6 6.g3 e5 7.Nb3 Nc6 8.Bg2 Be6
9.d3 Nd7 10.O-O Be7 11.a3 O-O 12.axb4 Rxa1 13.Bxa1 Bxb4 14.Nc3 Nb6 15.Nb5 Qe7
16.Qb1 Ra8 17.Rc1 Na4 18.Nc3 Bxc3 19.Bxc3 Nxc3 20.Rxc3 Qb4 21.Qc1 Ra2 22.Bxc6 bxc6
23.Nd2 h6 24.Rc2 Rxc2 25.Qxc2 Bh3 26.Nf3 g5 27.Qd2 Qb3 28.Qc1 f6 29.Nd2 Qa2
30.Qe1 Kg7 31.Nf3 Bg4 32.Nd2 Qa5 33.Kg2 Qc3 34.h3 Bf5 35.Nf3 Qxe1 36.Nxe1 e4
37.f3 exd3 38.exd3 Kf7 39.g4 Bc8 40.Kf2 Ke6 41.Ke3 c5 42.f4 Bb7 43.fxg5 hxg5
44.d4 Kd6 45.Nd3 cxd4+ 46.Kxd4 Bg2 47.Nf2 c5+ 48.Ke3 Ke6 49.Nd3 Bxh3 50.Nxc5+ Ke7
51.Kf3 Bf1 52.Ne4 Bxc4 53.Ng3 Ke6 54.Ke3 Ke5 55.Ne4 Bb5 56.Nf2 Bc4 57.Ne4 Bb3
58.Nf2 Bc2 59.Kd2 Bg6 60.Ke3 Bb1 61.Kf3 Kd4 62.Nd1 Be4+ 63.Kg3 Kd3 64.Nf2+ Ke3
65.Nd1+ Kd2 66.Nf2 Bd5 67.Nh3 Bc4 68.Nf2 Bd3 69.Kf3 Bg6 70.Nh3 Ke1 71.Nf2 Kf1
72.Kg3 Bc2 73.Nh3 Be4 74.Nf2 Bd5 75.Nd3 Ke2 76.Nb4 Be6 77.Nc6 Ke3  1/2-1/2

[Event "17th Puhajarve Rapid"]
[Site "Puhajarve EST"]
[Date "2016.11.27"]
[Round "35.1"]
[White "Shirov,A"]
[Black "Schuls,O"]
[Result "1/2-1/2"]
[WhiteElo "2673"]
[BlackElo "2224"]

1.d4 Nf6 2.c4 e6 3.Nf3 Bb4+ 4.Nbd2 O-O 5.a3 Be7 6.e4 d5 7.e5 Nfd7 8.Bd3 c5
9.cxd5 exd5 10.O-O Nc6 11.Re1 Re8 12.Nf1 Nf8 13.Ng3 Bg4 14.dxc5 Bxc5 15.b4 Bd4
16.Ra2 Bxf3 17.gxf3 Bxe5 18.f4 Bc3 19.Rxe8 Qxe8 20.Re2 Qd7 21.Bf5 Qd6 22.Qd3 Bf6
23.Bg4 g6 24.Be3 b6 25.Bd2 Rd8 26.Re1 Bg7 27.b5 Na5 28.f5 Nc4 29.Bg5 Bf6
30.Bxf6 Qxf6 31.fxg6 hxg6 32.Bd1 Ne6 33.a4 Nb2 34.Qd2 Nxd1 35.Qxd1 Nf4 36.Qd2 Nh3+
37.Kg2 Nf4+ 38.Kg1 Kg7 39.Rc1 d4 40.Ne4 Qf5 41.f3 Ne6 42.Rf1 Rh8 43.Ng3 Qf4
44.Qxf4 Nxf4 45.Ra1 d3 46.a5 Rd8 47.axb6 axb6 48.Ne4 Rd5 49.Kf2 d2 50.Rd1 Rxb5
51.Ke3 Ne6 52.Rxd2 Rb3+ 53.Kf2 f5 54.Rd7+ Kh6 55.Nf6 g5 56.Rd6 Nf4 57.Nd5+ Kh5
58.Rxb6 Nd3+ 59.Ke3 Rxb6 60.Nxb6 Nf4 61.Nc4 Kh4 62.Nd6 Kh3  1/2-1/2

[Event "Nutcracker Classical 2016"]
[Site "Moscow RUS"]
[Date "2016.12.19"]
[Round "3.4"]
[White "Shirov,A"]
[Black "Fedoseev,Vl3"]
[Result "1-0"]
[WhiteElo "2673"]
[BlackElo "2667"]

1.e4 e5 2.Nf3 Nc6 3.Bb5 Nf6 4.O-O Nxe4 5.d4 Nd6 6.Bxc6 dxc6 7.dxe5 Nf5 8.Qxd8+ Kxd8
9.Nc3 Bd7 10.h3 Be7 11.g4 Nh4 12.Nxh4 Bxh4 13.f4 h5 14.f5 hxg4 15.hxg4 g6
16.fxg6 fxg6 17.Ne4 Kc8 18.Bg5 Bxg5 19.Nxg5 Bxg4 20.Rf7 b6 21.e6 Kb7 22.e7 Bf5
23.Rd1 Bxc2 24.Re1 a5 25.Ne6 Bf5 26.Nxc7  1-0

[Event "Nutcracker Classical 2016"]
[Site "Moscow RUS"]
[Date "2016.12.20"]
[Round "4.4"]
[White "Shirov,A"]
[Black "Oparin,G"]
[Result "1/2-1/2"]
[WhiteElo "2673"]
[BlackElo "2616"]

1.d4 Nf6 2.c4 e6 3.Nc3 Bb4 4.f3 d5 5.a3 Bxc3+ 6.bxc3 c5 7.cxd5 Nxd5 8.dxc5 Qa5
9.e4 Ne7 10.Be3 O-O 11.Qb3 Qc7 12.Nh3 e5 13.Nf2 Nec6 14.Nd3 Na5 15.Qd5 Nbc6
16.Qd6 Qxd6 17.cxd6 Rd8 18.Nb4 Rxd6 19.Nd5 Be6 20.Nc7 Rad8 21.Nxe6 Rxe6 22.Be2 Red6
23.Kf2 b6 24.Rhd1 Rxd1 25.Rxd1 Rxd1 26.Bxd1 Nc4 27.Bc1 Kf8 28.Ke2 N6a5 29.a4 Ke7
30.Kd3 Nd6 31.f4 Ndb7 32.Bc2 Nc5+ 33.Ke2 exf4 34.Bxf4 Nc6 35.h4 f6 36.g4 h6
37.Be3 g5 38.hxg5 hxg5 39.a5 Ne5 40.axb6 axb6 41.Bf2 Nxg4 42.Bg3 Ne5 43.Ke3 Kd6
44.Bb1 Nb3 45.Ba2 Na5 46.Ke2 Nc6 47.Bf2 b5 48.Bg3 b4 49.cxb4 Nxb4 50.Bg8 Nc6
51.Bf2 Ng6 52.Bg3+ Nf4+ 53.Ke3 Ke5 54.Bb3 Nd4 55.Bc4 Nc6 56.Kf3 Kd4 57.Bxf4 gxf4
58.Kxf4 Kxc4 59.Kf5  1/2-1/2

[Event "Nutcracker TB 2016"]
[Site "Moscow RUS"]
[Date "2016.12.22"]
[Round "1"]
[White "Shirov,A"]
[Black "Oparin,G"]
[Result "0-1"]
[WhiteElo "2673"]
[BlackElo "2616"]

1.e4 c5 2.Nf3 d6 3.d4 cxd4 4.Nxd4 Nf6 5.Nc3 a6 6.h3 e5 7.Nb3 Be6 8.g4 d5
9.g5 Nxe4 10.Nxe4 dxe4 11.Qxd8+ Kxd8 12.Bg2 Nc6 13.Bxe4 Kc7 14.Be3 Rd8 15.c3 f5
16.gxf6 gxf6 17.Nc5 Bxc5 18.Bxc5 Bd5 19.Bxd5 Rxd5 20.Be3 Rg8 21.Ke2 Ne7 22.Rhg1 Rdd8
23.Rg4 Rxg4 24.hxg4 Rg8 25.Kf3 f5 26.gxf5 Nxf5 27.Rh1 Rg7 28.a4 Nd6 29.Rh5 Rf7+
30.Ke2 Nf5 31.Kd3 Kd6 32.Ke4 Ke6 33.Bc5 Rc7 34.b4 Rf7 35.a5 Nd6+ 36.Bxd6 Kxd6
37.Rh6+ Kc7 38.f3 Rf4+ 39.Ke3 Rc4 40.Rxh7+ Kc6 41.Rh6+ Kc7 42.Kd3 Rf4 43.Rh3 Kc6
44.c4 Kc7 45.b5 axb5 46.cxb5 Ra4 47.Rh7+ Kd6 48.a6 bxa6 49.bxa6 Ra3+ 50.Ke4 Ra4+
51.Ke3 Ra3+ 52.Kf2 Kd5 53.a7 Kc5 54.Re7 Kd6 55.Rb7 Kc6 56.Rg7 Kd6 57.Ke2 Kc6
58.Rf7 Kd6 59.Kd2 Kc6 60.Kc2 Kb6 61.Re7  0-1

[Event "Nutcracker TB 2016"]
[Site "Moscow RUS"]
[Date "2016.12.22"]
[Round "2"]
[White "Oparin,G"]
[Black "Shirov,A"]
[Result "1/2-1/2"]
[WhiteElo "2616"]
[BlackElo "2673"]

1.Nf3 d5 2.g3 Bg4 3.Bg2 Nd7 4.c4 e6 5.cxd5 exd5 6.O-O Ngf6 7.d3 Bd6 8.Nc3 c6
9.h3 Bh5 10.e4 O-O 11.g4 Bg6 12.Nh4 Nxe4 13.dxe4 Qxh4 14.exd5 c5 15.Nb5 Bb8
16.d6 a6 17.Nc7 Ra7 18.Bf4 b5 19.Qd2 Qd8 20.Rfe1 Nb6 21.Qe3 Nc4 22.Qxc5 Nxb2
23.Bg5 Qc8 24.Re7 Nc4 25.Bf4 Rd8 26.Rae1 f6 27.Bd5+ Kh8 28.d7 Rxc7 29.dxc8=Q Rcxc8
30.Qxc8 Rxc8 31.Bxb8 Rxb8 32.Bxc4 bxc4 33.Rc7 h5 34.Rxc4 hxg4 35.hxg4 Rb2
36.a4 Kh7 37.Kg2 Bf7 38.Rd4 Kg6 39.Kg3 Rb3+ 40.Re3 Rb1 41.Rd6 Bc4 42.Rd4 Rg1+
43.Kh2 Rc1 44.Kg3 Rg1+ 45.Kh2 Rc1 46.Kg3  1/2-1/2

[Event "Paul Keres Memorial 2017"]
[Site "Tallinn EST"]
[Date "2017.01.14"]
[Round "1.1"]
[White "Laigna,Marko"]
[Black "Shirov,A"]
[Result "0-1"]
[WhiteElo "1736"]
[BlackElo "2683"]

1.d4 Nf6 2.c4 g6 3.Nc3 d5 4.e3 Bg7 5.Nf3 O-O 6.cxd5 Nxd5 7.Bc4 Nb6 8.Bb3 c5
9.O-O cxd4 10.Nxd4 Bd7 11.e4 Nc6 12.Be3 Rc8 13.Rc1 Na5 14.Nce2 Nac4 15.Bxc4 Nxc4
16.Qb3 Nxe3 17.Qxe3 Qb6 18.b3 e5 19.Nc2 Bb5 20.Qxb6 axb6 21.Rfe1 Bh6 22.Ne3 Bxe3
23.fxe3 Rxc1 24.Nxc1 Rd8 25.Ne2 Rd3 26.Kf2 Rd2 27.a4 Bc6 28.Kf3 f5 29.Ng3 Rb2
30.Rd1 Rxb3  0-1

[Event "Paul Keres Memorial 2017"]
[Site "Tallinn EST"]
[Date "2017.01.14"]
[Round "2.1"]
[White "Shirov,A"]
[Black "Mierins,Eriks"]
[Result "1-0"]
[WhiteElo "2683"]
[BlackElo "2150"]

1.d4 d5 2.c4 c6 3.Nf3 Nf6 4.e3 e6 5.Nc3 Nbd7 6.Qc2 Be7 7.Bd3 O-O 8.O-O dxc4
9.Bxc4 b5 10.Bd3 Bb7 11.e4 g6 12.e5 Nd5 13.Nxd5 exd5 14.Bh6 Re8 15.e6 Nf8
16.exf7+ Kxf7 17.Ne5+ Kg8 18.Nxc6 Bxc6 19.Qxc6 Bf6 20.Bxb5 Re4 21.Bc4 Rxd4
22.Bb3 Rc8 23.Qa6 Rh4 24.Rad1 Be5 25.g3 Rc5 26.Qxa7 Qc8 27.Qxc5 Qxc5 28.Rxd5  1-0

[Event "Paul Keres Memorial 2017"]
[Site "Tallinn EST"]
[Date "2017.01.14"]
[Round "3.1"]
[White "Kukk,S"]
[Black "Shirov,A"]
[Result "0-1"]
[WhiteElo "2178"]
[BlackElo "2683"]

1.b3 e5 2.Bb2 Nc6 3.e3 Nf6 4.Bb5 Bd6 5.Na3 Na5 6.Be2 Be7 7.c4 Nc6 8.Nb5 d5
9.Nf3 a6 10.cxd5 Nxd5 11.Nc3 Nxc3 12.dxc3 Bf5 13.Qxd8+ Rxd8 14.Rd1 Rxd1+
15.Kxd1 f6 16.Kc1 Kf7 17.Bc4+ Be6 18.Bxe6+ Kxe6 19.Rd1 f5 20.c4 Bf6 21.a3 g5
22.Ne1 Rb8 23.Nd3 Be7 24.Kc2 b5 25.cxb5 axb5 26.b4 Rd8 27.Ra1 e4 28.Nc1 f4
29.Ne2 fxe3 30.fxe3 Rf8 31.Nc3 Rf2+ 32.Kb3 Bf6 33.Ra2 Bxc3 34.Bxc3 Rxa2 35.Kxa2 Ne7
36.Kb3 Nf5 37.Bd2 Nh4 38.Be1 Nxg2 39.Bg3 c6 40.Bf2 h5 41.a4 bxa4+ 42.Kxa4 Kd5
43.b5 cxb5+ 44.Kxb5 Nf4 45.Bg3 h4 46.Bf2 Nd3  0-1

[Event "Paul Keres Memorial 2017"]
[Site "Tallinn EST"]
[Date "2017.01.14"]
[Round "4.1"]
[White "Shirov,A"]
[Black "Alekseev,Evgeny"]
[Result "1/2-1/2"]
[WhiteElo "2683"]
[BlackElo "2632"]

1.e4 c5 2.Nf3 Nc6 3.Nc3 e6 4.d4 cxd4 5.Nxd4 a6 6.Be3 Nf6 7.f4 Bb4 8.Bd3 e5
9.fxe5 Nxe5 10.O-O d6 11.Kh1 Bc5 12.Qe1 O-O 13.Rd1 Neg4 14.Bg1 Ne5 15.Be2 Bd7
16.Qg3 Ng6 17.Nb3 Bxg1 18.Kxg1 Ne8 19.Bc4 Rc8 20.Bd5 b5 21.Rd2 b4 22.Nd1 Qe7
23.Ne3 Qe5 24.Bb7 Rc7 25.Bxa6 Qxb2 26.Nd5 Rxc2 27.Qf2 Rxd2 28.Qxd2 Qxd2 29.Nxd2 Ne5
30.Nxb4 Nc7 31.Be2 Ra8  1/2-1/2

[Event "Paul Keres Memorial 2017"]
[Site "Tallinn EST"]
[Date "2017.01.14"]
[Round "5.1"]
[White "Shirov,A"]
[Black "Fridman,D"]
[Result "1/2-1/2"]
[WhiteElo "2683"]
[BlackElo "2594"]

1.e4 e6 2.d4 d5 3.Nc3 Nf6 4.e5 Nfd7 5.f4 c5 6.Nf3 Qb6 7.Be3 a6 8.a3 Nc6 9.Na4 Qa5+
10.Bd2 Qc7 11.dxc5 Nxc5 12.Nxc5 Bxc5 13.Bd3 Bd7 14.Ng5 h6 15.Nh3 O-O-O 16.b4 Bb6
17.a4 a5 18.bxa5 Nxa5 19.Nf2 Nc4 20.O-O g5 21.a5 Ba7 22.Kh1 gxf4 23.Bxf4 f6
24.Bxc4 dxc4 25.Ne4 Bc6 26.Nd6+ Kb8 27.exf6 Rhg8 28.Rf3 Bc5 29.f7 Rgf8 30.Nxc4 Rxd1+
31.Rxd1 Bxf3 32.Bxc7+ Kxc7 33.gxf3 Rxf7 34.Kg2 Rf6 35.Rd3 Rf5 36.Kh3  1/2-1/2

[Event "Paul Keres Memorial 2017"]
[Site "Tallinn EST"]
[Date "2017.01.14"]
[Round "6.4"]
[White "Vovk,I"]
[Black "Shirov,A"]
[Result "0-1"]
[WhiteElo "2289"]
[BlackElo "2683"]

1.e4 e6 2.d4 d5 3.Nc3 Nf6 4.e5 Nfd7 5.Nce2 c5 6.c3 Nc6 7.g3 b5 8.Bg2 Ba6
9.Nf3 b4 10.O-O bxc3 11.bxc3 Be7 12.Re1 O-O 13.Nf4 Qa5 14.Bd2 Qa3 15.h4 Nb6
16.Bh3 cxd4 17.Nxd4 Nxd4 18.cxd4 Nc4 19.Be3 Rac8 20.Qg4 Nxe3 21.fxe3 Rc3
22.Nxe6 fxe6 23.Qxe6+ Kh8 24.Kh2 Rc2+ 25.Bg2 Rxg2+ 26.Kxg2 Bc8 27.Qc6 Qb2+
28.Kh1 Bh3 29.Qxd5 Rf2 30.Qa8+ Bf8 31.Kg1 Rg2+ 32.Kh1 Rh2+  0-1

[Event "Paul Keres Memorial 2017"]
[Site "Tallinn EST"]
[Date "2017.01.15"]
[Round "8.1"]
[White "Shirov,A"]
[Black "Sveshnikov,E"]
[Result "1-0"]
[WhiteElo "2683"]
[BlackElo "2489"]

1.e4 c6 2.d4 d5 3.e5 Bf5 4.Nf3 e6 5.Be2 c5 6.Be3 Qb6 7.Nc3 c4 8.Rb1 Bb4 9.O-O Nc6
10.Bxc4 dxc4 11.d5 Qa6 12.dxc6 bxc6 13.a3 Be7 14.Nd4 Bg6 15.Qf3 Rc8 16.Rbd1 h5
17.Ne4 h4 18.Rd2 c5 19.Ne2 Qc6 20.N2c3 h3 21.Rfd1 hxg2 22.Bxc5 Bxc5  1-0

[Event "Paul Keres Memorial 2017"]
[Site "Tallinn EST"]
[Date "2017.01.15"]
[Round "9.1"]
[White "Potkin,V"]
[Black "Shirov,A"]
[Result "1/2-1/2"]
[WhiteElo "2594"]
[BlackElo "2683"]

1.e4 e5 2.Nf3 Nc6 3.Bc4 Bc5 4.O-O Nf6 5.d3 O-O 6.a4 d6 7.c3 a5 8.h3 Ne7 9.d4 exd4
10.cxd4 Bb4 11.Bd3 Ng6 12.Nc3 Re8 13.Qc2 c5 14.Nb5 Nh5 15.Bg5 f6 16.Be3 Be6
17.dxc5 Bxc5 18.Bxc5 dxc5 19.Rad1 Nhf4 20.Bc4 Qe7 21.g3 Bxc4 22.Qxc4+ Qe6
23.Qxe6+ Nxe6 24.Rd7 Rad8 25.Rfd1 Rxd7 26.Rxd7 Nef8 27.Rxb7 Rxe4 28.Nc3 Rb4
29.Rb5 Nd7 30.Rxa5 Rxb2 31.Ra8+ Kf7 32.Ra7 Ke6 33.Ra6+ Kf7 34.Ra7 Ke6 35.Ra6+ Kf7  1/2-1/2

[Event "Paul Keres Memorial 2017"]
[Site "Tallinn EST"]
[Date "2017.01.15"]
[Round "10.2"]
[White "Shirov,A"]
[Black "Rogule,L"]
[Result "1/2-1/2"]
[WhiteElo "2683"]
[BlackElo "2314"]

1.e4 c5 2.Nf3 Nc6 3.Nc3 d6 4.d4 cxd4 5.Nxd4 Nf6 6.Bg5 e6 7.Qd2 a6 8.O-O-O Be7
9.f3 Bd7 10.h4 Rc8 11.Nxc6 Rxc6 12.Bd3 h6 13.Be3 e5 14.g4 Be6 15.g5 Nh5 16.Nd5 hxg5
17.hxg5 g6 18.Kb1 Rg8 19.c4 Rc8 20.Rc1 Kf8 21.Rcg1 Ke8 22.Qb4 Bxd5 23.cxd5 b5
24.a4 Kf8 25.axb5 axb5 26.Bxb5 Rb8 27.Qa4 Kg7 28.Bc6 Qc7 29.Rh2 Rh8 30.Rc2 Qd8
31.Bd7 Nf4 32.Bxf4 exf4 33.Qd4+ Kg8 34.Bg4 Qa5 35.Rgc1 Bxg5 36.Rc8+ Rxc8
37.Rxc8+ Bd8 38.Rc1 Rh2 39.e5 dxe5 40.Qxe5 Qb5 41.Rc8 Qd3+ 42.Ka2 Qa6+ 43.Kb3 Qb5+
44.Ka3 Qa5+ 45.Kb3 Qb5+ 46.Ka3 Qa5+ 47.Kb3 Qb5+  1/2-1/2

[Event "Paul Keres Memorial 2017"]
[Site "Tallinn EST"]
[Date "2017.01.15"]
[Round "11.2"]
[White "Shirov,A"]
[Black "Sveshnikov,V"]
[Result "1-0"]
[WhiteElo "2683"]
[BlackElo "2416"]

1.d4 d5 2.c4 e6 3.Nc3 c6 4.e3 Nf6 5.Nf3 Nbd7 6.Qc2 Bd6 7.b3 O-O 8.Bb2 e5
9.h3 e4 10.Nd2 Re8 11.g4 Nf8 12.g5 Nh5 13.cxd5 cxd5 14.Nxd5 Qxg5 15.Nc3 Bf5
16.O-O-O Rac8 17.Kb1 a6 18.Nc4 Bb4 19.Nd5 Be7 20.Qe2 Bg6 21.Nxe7+ Rxe7 22.d5 Nf6
23.h4 Qh5 24.Bxf6 gxf6 25.d6 Qxe2 26.Bxe2 Re6 27.h5 Bf5 28.Rhg1+ Kh8 29.d7 Rd8
30.Nd6 Rxd6 31.Rxd6 Rxd7 32.Rxd7 Bxd7 33.h6  1-0

[Event "3rd Floripa Open 2017"]
[Site "Florianopolis BRA"]
[Date "2017.01.20"]
[Round "1.1"]
[White "Albuquerque Junior,Wellington S."]
[Black "Shirov,A"]
[Result "0-1"]
[WhiteElo "2164"]
[BlackElo "2683"]

1.c4 e5 2.g3 Nc6 3.Nc3 g6 4.Bg2 Bg7 5.d3 d6 6.e4 f5 7.Nge2 Nf6 8.O-O O-O
9.Nd5 Nh5 10.exf5 Bxf5 11.Nec3 Qd7 12.Ne3 Be6 13.Rb1 Rab8 14.b3 Nd4 15.Nc2 Nxc2
16.Qxc2 Bh3 17.Ne2 Rf7 18.Kh1 d5 19.Ng1 Bxg2+ 20.Kxg2 Qc6 21.f3 Re8 22.Be3 Nf6
23.Qe2 d4 24.Bd2 e4 25.dxe4 Nxe4 26.Rbe1 Nd6 27.Qd3 Rfe7 28.Rxe7 Rxe7 29.Re1 Rxe1
30.Bxe1 Nf7 31.Bf2 Nd8 32.Ne2 Ne6 33.Nc1 Bh6 34.Ne2 Qd6 35.c5 Qd5 36.Qb5 Kf7
37.Qd3 Bg7 38.Qb5 d3  0-1

[Event "3rd Floripa Open 2017"]
[Site "Florianopolis BRA"]
[Date "2017.01.21"]
[Round "2.1"]
[White "Shirov,A"]
[Black "Borges da Silva,R"]
[Result "1-0"]
[WhiteElo "2683"]
[BlackElo "2269"]

1.e4 c5 2.Nf3 Nc6 3.d4 cxd4 4.Nxd4 g6 5.c4 Nf6 6.Nc3 Nxd4 7.Qxd4 d6 8.Bg5 Bg7
9.Qd2 O-O 10.Bd3 a5 11.a4 Nd7 12.Nd5 Re8 13.h4 Nc5 14.h5 Be6 15.hxg6 hxg6
16.Bh6 Bxd5 17.cxd5 Bf6 18.Ra3 Qb6 19.Bb5 Nxe4 20.Qe3 Qd4 21.Qxd4 Bxd4 22.Bxe8 Rxe8
23.Be3 Bxe3 24.Rxe3 Rc8 25.Rh4 f5 26.f3 Rc1+ 27.Ke2 Ng3+ 28.Kd3 g5 29.Rc4 Rxc4
30.Kxc4 Kf7 31.Rb3 Nf1 32.Kd3 f4 33.Rxb7 Ne3 34.b4 Ke8 35.bxa5 Kd8 36.a6 Kc8
37.Rb5  1-0

[Event "3rd Floripa Open 2017"]
[Site "Florianopolis BRA"]
[Date "2017.01.21"]
[Round "3.1"]
[White "Rodriguez Vila,A"]
[Black "Shirov,A"]
[Result "0-1"]
[WhiteElo "2468"]
[BlackElo "2683"]

1.e4 e5 2.Nf3 Nc6 3.Bc4 Nf6 4.d3 Bc5 5.O-O O-O 6.h3 d6 7.a3 Ne7 8.Nc3 c6
9.Bg5 Ng6 10.Nh4 Kh8 11.Qf3 h6 12.Bxf6 Nxh4 13.Bxh4 Qxh4 14.Na4 b5 15.Nxc5 bxc4
16.Na4 Be6 17.dxc4 Bxc4 18.Rfe1 Be6 19.Rad1 Rad8 20.b4 f5 21.Rd2 Qg5 22.Qe3 f4
23.Qf3 Bf7 24.Qg4 Qe7 25.Rd3 a5 26.Qd1 Bc4 27.Rc3 d5 28.bxa5 dxe4 29.Qc1 Bd5
30.Nc5 e3 31.fxe3 f3 32.Rd1 Qg5 33.g4 Qh4  0-1

[Event "3rd Floripa Open 2017"]
[Site "Florianopolis BRA"]
[Date "2017.01.22"]
[Round "4.1"]
[White "Shirov,A"]
[Black "Di Berardino,D"]
[Result "1-0"]
[WhiteElo "2683"]
[BlackElo "2499"]

1.e4 c5 2.Nf3 e6 3.d4 cxd4 4.Nxd4 Nf6 5.Nc3 Nc6 6.Nxc6 bxc6 7.e5 Nd5 8.Ne4 f5
9.exf6 Nxf6 10.Nd6+ Bxd6 11.Qxd6 Ba6 12.Bxa6 Qa5+ 13.b4 Qxa6 14.Bb2 Nd5 15.a3 O-O-O
16.O-O-O Rhf8 17.f3 Rf5 18.Rhe1 Nc7 19.Qe7 Nd5 20.Qxg7  1-0

[Event "3rd Floripa Open 2017"]
[Site "Florianopolis BRA"]
[Date "2017.01.24"]
[Round "7.1"]
[White "Mecking,H"]
[Black "Shirov,A"]
[Result "1/2-1/2"]
[WhiteElo "2606"]
[BlackElo "2683"]

1.Nf3 d5 2.g3 g6 3.Bg2 Bg7 4.d4 Nf6 5.O-O O-O 6.c4 c6 7.cxd5 cxd5 8.Nc3 Ne4
9.Qb3 Nc6 10.Be3 Na5 11.Qb4 Nxc3 12.Qxc3 Bf5 13.Rfc1 Qb6 14.b3 Rfc8 15.Qd2 Nc6
16.Ne5 Nb4 17.g4 Be6 18.h3 a5 19.f4 f6 20.a3 Rc2 21.Nd7 Rxc1+ 22.Rxc1 Bxd7
23.axb4 e6 24.bxa5 Rxa5 25.f5 Qxb3 26.Rc7 Ra1+ 27.Kf2 Ra2 28.Qxa2 Qxa2 29.Rxd7 gxf5
30.gxf5 Qc2 31.fxe6 Qf5+ 32.Kg1 Bf8 33.Bxd5 Be7 34.Bg2 Kf8 35.d5 Qe5 36.Kf2 f5
37.Bh6+ Ke8 38.Bf3 Qh2+ 39.Ke3 Qg1+ 40.Kd3 Qb1+ 41.Kd4 Qb2+ 42.Kd3 Qb3+ 43.Kd4 Qb4+
44.Kd3 Qb3+ 45.Kd4 Qb2+  1/2-1/2

[Event "3rd Floripa Open 2017"]
[Site "Florianopolis BRA"]
[Date "2017.01.25"]
[Round "8.1"]
[White "Shirov,A"]
[Black "Granda Zuniga,J"]
[Result "1-0"]
[WhiteElo "2683"]
[BlackElo "2644"]

1.e4 e5 2.Nf3 Nc6 3.Bb5 a6 4.Ba4 Nf6 5.O-O Be7 6.Re1 b5 7.Bb3 O-O 8.c3 d6
9.h3 Nd7 10.d4 Bf6 11.Be3 Na5 12.Nbd2 Nxb3 13.Nxb3 Qe8 14.Na5 exd4 15.Bxd4 Qe6
16.a4 Ne5 17.Bxe5 dxe5 18.Qd5 Rb8 19.Nc6 Rb6 20.Qxe6 Bxe6 21.axb5 Rxb5 22.Rxa6 Rxb2
23.Ncxe5 Rb5 24.Nc6 Bxc3 25.Rc1 Rc5 26.Ne7+ Kh8 27.Rc6 Rxc6 28.Nxc6 Bb2 29.Rc2 Ba3
30.Ncd4 c5 31.Nxe6 fxe6 32.Ne5 Rc8 33.Ra2 Bb4 34.Ra6 Re8 35.f4 Kg8 36.Kf2 Bc3
37.Nc4 g6 38.Kf3 e5 39.Nd6 Re6 40.f5 gxf5 41.exf5 e4+ 42.Ke2 Re7 43.f6  1-0

[Event "3rd Floripa Open 2017"]
[Site "Florianopolis BRA"]
[Date "2017.01.25"]
[Round "9.1"]
[White "Bachmann,Ax"]
[Black "Shirov,A"]
[Result "1-0"]
[WhiteElo "2628"]
[BlackElo "2683"]

1.Nf3 d5 2.g3 g6 3.Bg2 Bg7 4.O-O Nf6 5.d3 O-O 6.Nbd2 Nc6 7.e4 e5 8.exd5 Nxd5
9.Re1 Re8 10.c3 a5 11.a4 h6 12.Nc4 Nb6 13.Nxb6 cxb6 14.Be3 Be6 15.Nd2 f5
16.Nc4 Bxc4 17.dxc4 e4 18.Qxd8 Raxd8 19.Red1 Ne5 20.Bf1 Rxd1 21.Rxd1 Re6
22.Rd8+ Kf7 23.Rb8 Re7 24.Bxb6 Nf3+ 25.Kh1 Rd7 26.Rd8 Rxd8 27.Bxd8 Ne1 28.Bb6 Bf8
29.f4 g5 30.Kg1 gxf4 31.gxf4 Bd6 32.Kf2 Nf3 33.Kg3 Nd2 34.Be2 Nb3 35.Bd1 Nc5
36.Bc2 Ke7 37.h4 Kd7 38.Bxa5 Ne6 39.Bb6 Bxf4+ 40.Kf2 Bc1 41.b4 Bb2 42.b5 Bxc3
43.Ke3 Bb4 44.a5 Bc5+ 45.Bxc5 Nxc5 46.Kf4 Ke6 47.b6 Kf6 48.Bd1 Ke6 49.Bh5 Nd3+
50.Ke3 Nc5 51.Be8 Kd6 52.Bg6 Ke6 53.Bh7 Ke5 54.Bg8 f4+ 55.Ke2 Kd6 56.Bd5 Nb3
57.Bxb7 Nxa5 58.Bxe4 Nxc4 59.b7 Kc7 60.Kf3  1-0

[Event "3rd Floripa Open 2017"]
[Site "Florianopolis BRA"]
[Date "2017.01.26"]
[Round "10.1"]
[White "Shirov,A"]
[Black "Perdomo,L"]
[Result "1-0"]
[WhiteElo "2683"]
[BlackElo "2459"]

1.e4 e5 2.Nf3 Nc6 3.Bb5 a6 4.Ba4 Nf6 5.O-O Be7 6.Re1 b5 7.Bb3 O-O 8.a4 Bb7
9.d3 d6 10.Nbd2 Na5 11.Ba2 c5 12.Nf1 h6 13.Ne3 Re8 14.Nh4 d5 15.exd5 Nxd5
16.Nhf5 Bf8 17.Bd2 b4 18.Qf3 Nf4 19.Qg3 Qg5 20.Ng4 b3 21.Rxe5 Rxe5 22.Bxf4 Rae8
23.Bxe5 Rxe5 24.f4 Qg6 25.Nxe5 Qxf5 26.cxb3 Nc6 27.b4 Nxe5 28.fxe5 cxb4 29.d4 Qe4
30.Qf2 Kh8 31.Bxf7 Be7 32.Bb3 Qd3 33.Bc2 Qc4 34.Qf5 Qxd4+ 35.Kh1 Kg8 36.Rf1  1-0

[Event "51st Ilmar Raud Olympic"]
[Site "Viljandi EST"]
[Date "2017.07.01"]
[Round "2.1"]
[White "Koop,Vyacheslav"]
[Black "Shirov,A"]
[Result "0-1"]
[WhiteElo "2174"]
[BlackElo "2656"]

1.e4 c5 2.Nf3 Nc6 3.d4 cxd4 4.Nxd4 e5 5.Nb5 d6 6.a4 Be7 7.N1c3 a6 8.Na3 Nf6
9.Nc4 Nxe4 10.Nxe4 d5 11.Nxe5 Nxe5 12.Ng3 O-O 13.Be2 f5 14.f4 Nc4 15.O-O Bc5+
16.Kh1 Ne3 17.Bxe3 Bxe3 18.c3 Be6 19.Bf3 Bxf4 20.Bxd5 Qxd5 21.Qxd5 Bxd5 22.Rxf4 g6
23.Rd1 Bc6 24.Kg1 Rae8 25.Kf2 Re5 26.h4 Rfe8 27.Rfd4 a5 28.b3 Kf7 29.Rd8 f4
30.Nf1 Re2+  0-1

[Event "51st Ilmar Raud Olympic"]
[Site "Viljandi EST"]
[Date "2017.07.01"]
[Round "2.2"]
[White "Shirov,A"]
[Black "Koop,Vyacheslav"]
[Result "1-0"]
[WhiteElo "2656"]
[BlackElo "2174"]

1.e4 c5 2.Nf3 g6 3.c3 Bg7 4.d4 cxd4 5.cxd4 d5 6.e5 Nc6 7.Bb5 Bg4 8.O-O Nh6
9.Bxc6+ bxc6 10.Nbd2 O-O 11.h3 Bxf3 12.Nxf3 Qb6 13.b3 c5 14.dxc5 Qxc5 15.Be3 Qa5
16.Nd4 Rac8 17.a3 Rfd8 18.b4 Qc7 19.Rc1 Qb7 20.g4 Kh8 21.Qd2 Ng8 22.b5 a6
23.a4 axb5 24.axb5 Rxc1 25.Rxc1 Ra8 26.Rb1 Bxe5 27.Nc6 Bg7 28.Qxd5 Nf6 29.Qc4 Nd7
30.Qxf7 Ne5 31.Qxe7 Nf3+ 32.Kg2  1-0